000 00250pab a2200109 454500
008 180718b xxu||||| |||| 00| 0 eng d
100 _aKhusro, A.M
245 _aA flexible tax system
650 _aTaxation
773 _aFinancial Express
909 _a24183
999 _c24183
_d24183